000 00488nam a2200157Ia 4500
008 210716s2003 xx 000 0 und d
020 _a0393058549
041 _aeng
082 _a332.6 MALB
100 _aMalkiel, Burton G.
245 _aRandom walk guide to investing: ten rules for financial success.
_bTen rules for financial success.
250 _a1
260 _aNew York
_bW.W Norton & company
_c2003
300 _axix,202
650 _aInvestment Analysis & Portfolio Management
999 _c201841
_d201841